Hardcore Bands - Statistics

General Stats
  • This quiz has been taken 101 times
  • The average score is 9 of 19
Answer Stats
Hints (songs) Band % Correct
Police Truck/Nazi Punks Fuck Off/Kill The Poor Dead Kennedys
87%
TV Party/I've Had It/Black Coffee Black Flag
76%
Waiting Room/Ex-Spectator/Turkish Disco Fugazi
71%
Out Of Step/Straigh Edge/Salad Days Minor Threat
71%
Pay To Cum/I Against I/Right Brigade Bad Brains
70%
Start Today/Hold Your Ground/Time Flies Gorilla Biscuits
61%
HOLIDAY/Keep It Moving/Alien Love Call Turnstile
54%
Crucified/For My Family/Voices Agnostic Front
53%
Youth Crew/Take A Stand/No More Youth Of Today
51%
Lexicon Devil/What We Do Is Secret/Manimal Germs
42%
Safe In Your Skin/27/Mrahc Title Fight
41%
World Peace/Hard Times/Street Justice Cro-Mags
39%
Down By Law/Pride/Hardcore Lives Madball
39%
Nobody Hears/Subliminal/Freedumb Suicidal Tendencies
39%
New Noise/Rather Be Dead/Elektra Refused
38%
Don't Care/Beverly Hills/Leave Me Alone Circle Jerks
27%
Protest And Survive/New World Order/Hatebomb Discharge
27%
Hatekeeper/Lifer/21 End It
19%
Problem Child/Teenage Nark/Fuck Authority Wasted Youth
11%
No matching quizzes found
Score Distribution
Percent of People with Each Score
Percentile by Number Answered
Your Score History
You have not taken this quiz